Liste des Pokémon canidés - Statistiques

Statistiques générales
  • Ce quiz a été pris 35 fois
  • Le résultat moyen est 46 sur 58
Statistiques - réponses
N° Pokédex Pokémon % Correct
#0059 Arcanin
97%
#0059 Arcanin de Hisui
97%
#0058 Caninos
97%
#0058 Caninos de Hisui
97%
#0507 Ponchien
97%
#0506 Ponchiot
97%
#0229 Démolosse
93%
#0228 Malosse
93%
#0676 Couafarel
90%
#0038 Feunard
90%
#0038 Feunard d'Alola
90%
#0037 Goupix
90%
#0037 Goupix d'Alola
90%
#0508 Mastouffe
90%
#0244 Entei
87%
#0745 Lougaroc
87%
#0243 Raikou
87%
#0744 Rocabot
87%
#0245 Suicune
87%
#0134 Aquali
83%
#0927 Briochien
83%
#0133 Évoli
83%
#0653 Feunnec
83%
#0836 Fulgudog
83%
#0262 Grahyèna
83%
#0261 Medhyèna
83%
#0700 Nymphali
83%
#0136 Pyroli
83%
#0135 Voltali
83%
#0835 Voltoutou
83%
#0655 Goupelin
80%
#0210 Granbull
80%
#0196 Mentali
80%
#0197 Noctali
80%
#0926 Pâtachiot
80%
#0654 Roussil
80%
#0471 Givrali
77%
#0827 Goupilou
77%
#0470 Phyllali
77%
#0828 Roublenard
77%
#0209 Snubbull
77%
#0943 Dogrino
73%
#0309 Dynavolt
73%
#0310 Élecsprint
73%
#1014 Félicanis
73%
#0942 Grondogue
73%
#0571 Zoroark
67%
#0571 Zoroark de Hisui
67%
#0570 Zorua
67%
#0570 Zorua de Hisui
67%
#0448 Lucario
63%
#0447 Riolu
63%
#0972 Tomberro
63%
#0971 Toutombe
63%
#0718 Zygarde (Forme 10%)
60%
#0888 Zacian
53%
#0889 Zamazenta
53%
#0235 Queulorior
40%
Aucun quiz correspondant
Distribution des résultats
% des personnes avec chaque résultat
Percentile par nombre de réponses
Votre historique - résultats
Vous n’avez pas pris ce quiz